| 000 | 00878cab a2200241 4500 | ||
|---|---|---|---|
| 001 | ABS46956 | ||
| 008 | 090401t1992 xxu||||| |||| 00| 0 eng d | ||
| 035 | _a(Sirsi) u60211 | ||
| 041 | _aeng | ||
| 100 | _aWeatherhead, P. | ||
| 245 | _aMaterial considerations | ||
| 260 | _c1992 | ||
| 350 | _a0 | ||
| 490 |
_aEstates Gazette _v(9234) 29 August 1992, 54-57(3) |
||
| 520 | _aDiscusses Town and Country Planning Act 1990 s54a which provides that planning authorities, when making any determination under the Act, must make it in accordance with the provisions of the development plan unless material considerations indicate otherwise. | ||
| 650 | _aDEVELOPMENT PLANS | ||
| 650 | _aMATERIAL CONSIDERATIONS | ||
| 650 | _aTOWN AND COUNTRY PLANNING ACT 1990 S54(A) | ||
| 690 | _aPLANNING LAW AND PRACTICE | ||
| 700 | _aEdwards, M. | ||
| 942 | _n0 | ||
| 948 | _c04/03/1997 | ||
| 999 |
_c37095 _d37095 |
||